|
|
|
|
| LEADER |
00000cam a2200000 7i4500 |
| 001 |
0000001868 |
| 005 |
20040225.0 |
| 090 |
0 |
0 |
|a JPSM621.3678
|b ASI 1981
|
| 110 |
1 |
0 |
|a ASIAN Conference on Remote Sensing
|i 2nd
|k 1981
|j Beijing, China
|
| 245 |
1 |
0 |
|a Report of ..., 29 October - 4 November 1981, Beijing, China
|c by Mok Sian Tuan
|
| 260 |
0 |
0 |
|a Kuala Lumpur :
|b Ibu Pejabat Perhutanan ,
|c 1981
|
| 300 |
|
|
|a Various pagings ;
|c 29 cm.
|
| 650 |
0 |
0 |
|a Photography, Aerial
|x Congresses
|
| 650 |
0 |
0 |
|a Remote sensing
|x Congresses
|
| 700 |
0 |
1 |
|a Mok
|h Sian Tuan
|
| 998 |
|
|
|a JPSM
|
| 999 |
|
|
|a 0000000106
|b Monograph
|c Open Shelf
|e Default branch
|